000
00221nam a22000977a 4500
999
_c
16198
_d
16198
003
OSt
008
200623b ||||| |||| 00| 0 eng d
100
_a
C C Ouseph
_9
4619
245
_a
A Textbook of Physics Part I
942
_c
BK